[Event "Titled Tuesday intern op 02nd Apr Early"]
[Site "Chess.com INT"]
[Date "2024.04.02"]
[Round "1"]
[White "Bortnyk, Olexandr"]
[Black "Di Nicolantonio, Lucas"]
[Result "0-1"]
[WhiteElo "2608"]
[BlackElo "2406"]
[PlyCount "88"]
[EventDate "2024.04.02"]
[EventType "swiss (blitz)"]
[EventRounds "11"]
[EventCountry "USA"]
[SourceTitle "CB15_2024"]
[SourceDate "2024.04.10"]
[SourceVersion "1"]
[SourceVersionDate "2024.04.10"]
[SourceQuality "1"]

1. e4 e6 2. d4 d5 3. Nc3 Nf6 4. Bg5 h6 5. Bxf6 Qxf6 6. exd5 Bb4 7. Bb5+ Bd7 8. Bxd7+ Nxd7 9. dxe6 Qxe6+ 10. Nge2 Bxc3+ 11. bxc3 0-0-0 12. 0-0 Rhe8 13. Nf4 Qf5 14. Nd3 Re6 15. Rb1 Rde8 16. a4 Rg6 17. Rb5 Qe4 18. g3 Qc6 19. Qd2 a6 20. Rb4 Rge6 21. Nf4 Re4 22. d5 Qd6 23. Rxe4 Rxe4 24. Re1 Ne5 25. Kg2 Rxe1 26. Qxe1 g5 27. Nh3 Qxd5+ 28. Kf1 Qh1+ 29. Ng1 Qxg1+ 30. Kxg1 Nf3+ 31. Kf1 Nxe1 32. Kxe1 Kd7 33. Ke2 Kc6 34. Kf3 Kd5 35. Kg4 b5 36. a5 Kc4 37. Kh5 Kxc3 38. Kxh6 g4 39. Kg5 Kxc2 40. Kxg4 b4 41. h4 b3 42. h5 b2 43. h6 b1Q 44. h7 Qh1 0-1

[Event "Titled Tuesday intern op 02nd Apr Early"]
[Site "Chess.com INT"]
[Date "2024.04.02"]
[Round "2"]
[White "Kacprzak, Karol1"]
[Black "Di Nicolantonio, Lucas"]
[Result "1/2-1/2"]
[WhiteElo "2334"]
[BlackElo "2406"]
[PlyCount "136"]
[EventDate "2024.04.02"]
[EventType "swiss (blitz)"]
[EventRounds "11"]
[EventCountry "USA"]
[SourceTitle "CB15_2024"]
[SourceDate "2024.04.10"]
[SourceVersion "1"]
[SourceVersionDate "2024.04.10"]
[SourceQuality "1"]

1. e4 e6 2. d4 d5 3. e5 c5 4. c3 Nc6 5. Nf3 Nge7 6. Na3 Nf5 7. Nc2 Qa5 8. Bd3 Nfxd4 9. Nfxd4 Nxd4 10. 0-0 Nxc2 11. Bxc2 g6 12. Bg5 Bg7 13. Qf3 0-0 14. Bf6 Bd7 15. Rfe1 Bc6 16. Qf4 Qc7 17. Bxg7 Kxg7 18. Re3 Qe7 19. Rh3 f5 20. exf6+ Rxf6 21. Qe5 Kg8 22. Re3 Raf8 23. f3 Qd8 24. Rae1 d4 25. Rd3 Bd5 26. cxd4 c4 27. Rde3 b5 28. Be4 Bxe4 29. Rxe4 a6 30. Qc5 Qd7 31. Qb6 e5 32. Qc5 exd4 33. Rxd4 Qc8 34. Qxc8 Rxc8 35. Re7 Rf7 36. Re6 Rfc7 37. Rxa6 b4 38. Rd1 c3 39. bxc3 bxc3 40. Rc1 c2 41. Re6 Rd8 42. Kf2 Rd1 43. Re1 Rd2+ 44. Kg3 Ra7 45. Re8+ Kf7 46. Rc8 Rxa2 47. Rc3 Rb2 48. h4 h5 49. Kh3 Kf6 50. Rc5 Ke6 51. Rc3 Kf6 52. Rc6+ Kf5 53. Rc8 Kf4 54. Rc3 Ke5 55. Rc4 Kd5 56. Rc8 Kd4 57. Rc7 Ke3 58. Re7+ Kf2 59. Rc7 Ke2 60. Re7+ Kf2 61. Rc7 Re2 62. Rc6 Ra2 63. Rxg6 Rd2 64. Rc6 Ke3 65. Re6+ Kf4 66. Rc6 Ke3 67. Rc4 Kd3 68. Rc6 Ke3 1/2-1/2

[Event "Vandoeuvre op 20th"]
[Site "Vandoeuvre les Nancy"]
[Date "2024.01.07"]
[Round "9"]
[White "Di Nicolantonio, Lucas"]
[Black "Vlachos, Anatole"]
[Result "0-1"]
[WhiteElo "2395"]
[BlackElo "2459"]
[PlyCount "81"]
[EventDate "2024.01.03"]
[EventType "swiss"]
[EventRounds "9"]
[EventCountry "FRA"]
[SourceTitle "CB02_2024"]
[SourceDate "2024.01.10"]
[SourceVersion "1"]
[SourceVersionDate "2024.01.10"]
[SourceQuality "1"]

1. e4 e6 2. d4 d5 3. e5 c5 4. c3 Nc6 5. Nf3 Bd7 6. Be2 Nge7 7. 0-0 Nf5 8. dxc5 a5 9. c4 d4 10. Bd3 Bxc5 11. Nbd2 b6 12. Ne4 a4 13. Re1 a3 14. bxa3 Bxa3 15. g4 Bxc1 16. Qxc1 Nh4 17. Nd6+ Kf8 18. Nxh4 Qxh4 19. Qf4 f5 20. Bxf5 Ke7 21. Bd3 Rhf8 22. Qg3 Qxg3+ 23. hxg3 Nxe5 24. Rxe5 Kxd6 25. f4 Ra3 26. Rd1 Rxa2 27. Bxh7 Rfa8 28. Rxd4+ Ke7 29. Re1 R8a3 30. Rd3 Ra4 31. Be4 Rb2 32. f5 Rxc4 33. fxe6 Be8 34. Bd5 Rxg4 35. Rf1 Rg5 36. Be4 Bb5 37. Rf7+ Kxe6 38. Rdf3 Re5 39. R7f4 Bc4 40. Rg4 g5 41. Re3 0-1

[Event "Titled Tuesday intern op 12th Sep Late"]
[Site "Chess.com INT"]
[Date "2023.09.12"]
[Round "1"]
[White "Prieto Aranguren, Alain"]
[Black "Di Nicolantonio, Lucas"]
[Result "0-1"]
[WhiteElo "2155"]
[BlackElo "2388"]
[PlyCount "64"]
[EventDate "2023.09.12"]
[EventType "swiss (blitz)"]
[EventRounds "11"]
[EventCountry "USA"]
[SourceTitle "EXT 2024"]
[Source "ChessBase"]
[SourceDate "2023.10.10"]
[SourceVersion "1"]
[SourceVersionDate "2023.10.10"]
[SourceQuality "1"]

1. e4 c6 2. d3 d5 3. Nd2 e5 4. Ngf3 Bd6 5. g3 Nf6 6. Bg2 0-0 7. 0-0 Re8 8. c3 a5 9. Re1 h6 10. h3 Na6 11. Nf1 Nc5 12. Qc2 dxe4 13. dxe4 Qe7 14. Nh4 Be6 15. Nf5 Bxf5 16. exf5 e4 17. Be3 Nd3 18. Re2 Qe5 19. g4 Nf4 20. Rd2 Rad8 21. Re1 h5 22. Bd4 Nxg2 23. Kxg2 Qf4 24. Bxf6 gxf6 25. Ne3 Qf3+ 26. Kg1 Qxh3 27. Ng2 Qh2+ 28. Kf1 Qh1+ 29. Ke2 Qxg2 30. gxh5 Qf3+ 31. Kf1 e3 32. Rde2 Qh1# 0-1

[Event "Titled Tuesday intern op 29th Aug Late"]
[Site "Chess.com INT"]
[Date "2023.08.29"]
[Round "2"]
[White "Di Nicolantonio, Lucas"]
[Black "Santos Latasa, Jaime"]
[Result "0-1"]
[WhiteElo "2383"]
[BlackElo "2656"]
[PlyCount "70"]
[EventDate "2023.08.29"]
[EventType "swiss (blitz)"]
[EventRounds "11"]
[EventCountry "USA"]
[SourceTitle "EXT 2024"]
[Source "ChessBase"]
[SourceDate "2023.10.10"]
[SourceVersion "1"]
[SourceVersionDate "2023.10.10"]
[SourceQuality "1"]

1. Nf3 c5 2. e4 Nc6 3. Bc4 e6 4. 0-0 Nf6 5. Re1 Nxe4 6. Rxe4 d5 7. Bxd5 Qxd5 8. Nc3 Qd8 9. d4 Be7 10. d5 exd5 11. Qxd5 Be6 12. Rxe6 fxe6 13. Qxe6 Qd7 14. Qxd7+ Kxd7 15. Be3 Rad8 16. Ne4 b6 17. g3 h6 18. c3 Rhe8 19. a4 Kc7 20. Kg2 Kb7 21. Ned2 Na5 22. h4 Bf6 23. Rc1 Rd5 24. b4 cxb4 25. cxb4 Nc6 26. b5 Nb4 27. Rc4 Nd3 28. Ne4 Be7 29. Nd4 Nb2 30. Rc2 Nxa4 31. Nc6 Bf8 32. f3 Rxb5 33. Bf4 Rb2 34. Rxb2 Nxb2 35. Nb4 Bxb4 0-1

[Event "Titled Tuesday intern op 29th Aug Early"]
[Site "Chess.com INT"]
[Date "2023.08.29"]
[Round "5"]
[White "Nesterov, Arseniy"]
[Black "Di Nicolantonio, Lucas"]
[Result "1-0"]
[WhiteElo "2569"]
[BlackElo "2383"]
[PlyCount "61"]
[EventDate "2023.08.29"]
[EventType "swiss (blitz)"]
[EventRounds "11"]
[EventCountry "USA"]
[SourceTitle "EXT 2024"]
[Source "ChessBase"]
[SourceDate "2023.10.10"]
[SourceVersion "1"]
[SourceVersionDate "2023.10.10"]
[SourceQuality "1"]

1. d4 d5 2. c4 c6 3. Nf3 Nf6 4. e3 e6 5. b3 Ne4 6. Bd3 Bb4+ 7. Nbd2 Nd7 8. 0-0 f5 9. a3 Bd6 10. Bb2 Qf6 11. Qc2 0-0 12. a4 b6 13. Ba3 c5 14. Rad1 Bb7 15. cxd5 Nxd2 16. Nxd2 Bxd5 17. e4 fxe4 18. Nxe4 Bxe4 19. Bxe4 Qh6 20. g3 Rad8 21. Bg2 Nf6 22. dxc5 Bxc5 23. Bxc5 bxc5 24. Rxd8 Rxd8 25. Qxc5 a6 26. Qb6 Rf8 27. Qxe6+ Kh8 28. Qxa6 Qh5 29. Qb5 g5 30. Qe5 Kg8 31. a5 1-0

[Event "Titled Tuesday intern op 15th Aug Early"]
[Site "Chess.com INT"]
[Date "2023.08.15"]
[Round "10"]
[White "Cherniaiev, Tykhon"]
[Black "Di Nicolantonio, Lucas"]
[Result "0-1"]
[WhiteElo "2278"]
[BlackElo "2383"]
[PlyCount "88"]
[EventDate "2023.08.15"]
[EventType "swiss (blitz)"]
[EventRounds "11"]
[EventCountry "USA"]
[SourceTitle "EXT 2024"]
[Source "ChessBase"]
[SourceDate "2023.10.10"]
[SourceVersion "1"]
[SourceVersionDate "2023.10.10"]
[SourceQuality "1"]

1. Nf3 g6 2. d4 Bg7 3. c4 d6 4. g3 f5 5. Bg2 Nf6 6. 0-0 0-0 7. Nc3 Nc6 8. Re1 e5 9. e3 e4 10. Nd2 Nb4 11. Rf1 d5 12. cxd5 Nbxd5 13. Qb3 c6 14. Nc4 Kh8 15. Ne5 Qe7 16. f3 Be6 17. Qc2 exf3 18. Bxf3 Nxc3 19. bxc3 Bd5 20. a4 Qe6 21. Ba3 Rfe8 22. Rab1 Rab8 23. Rbe1 Bxf3 24. Nxf3 b5 25. axb5 cxb5 26. Bc5 a5 27. Qb2 Ne4 28. Qa3 Qc4 29. Qxa5 Nxc5 30. dxc5 Bxc3 31. Qc7 Rbc8 32. Qb7 Bxe1 33. Ng5 Qg8 34. Nf7+ Kg7 35. Nd6+ Kh8 36. Rxe1 Rxc5 37. Nf7+ Kg7 38. Nd6+ Kh8 39. Nxe8 Qxe8 40. Ra1 Qxe3+ 41. Kf1 Qd3+ 42. Kg1 Qd4+ 43. Kg2 Rc2+ 44. Kh3 Qg4# 0-1

[Event "Titled Tuesday intern op 08th Aug Early"]
[Site "Chess.com INT"]
[Date "2023.08.08"]
[Round "1"]
[White "Di Nicolantonio, Lucas"]
[Black "Bluebaum, Matthias"]
[Result "1-0"]
[WhiteElo "2383"]
[BlackElo "2670"]
[PlyCount "109"]
[EventDate "2023.08.08"]
[EventType "swiss (blitz)"]
[EventRounds "11"]
[EventCountry "USA"]
[SourceTitle "EXT 2024"]
[Source "ChessBase"]
[SourceDate "2023.10.10"]
[SourceVersion "1"]
[SourceVersionDate "2023.10.10"]
[SourceQuality "1"]

1. e4 e6 2. d4 d5 3. Bd3 c5 4. exd5 exd5 5. dxc5 Bxc5 6. Nf3 Nf6 7. Qe2+ Be6 8. Ng5 Qe7 9. Nxe6 fxe6 10. 0-0 0-0 11. c4 Nc6 12. Nc3 Nd4 13. Qd1 dxc4 14. Bxc4 Rad8 15. Be3 Kh8 16. Na4 e5 17. Nxc5 Qxc5 18. Rc1 Qb6 19. b3 Qa5 20. Bxd4 Rxd4 21. Qe2 Rd2 22. Qe1 Rfd8 23. b4 Qxb4 24. Qxe5 h6 25. h3 a6 26. Bb3 a5 27. Rc4 Qb6 28. Rf4 Re8 29. Rxf6 Qd8 30. Re6 Rf8 31. Re1 Qh4 32. g3 Qxh3 33. Re8 Rdxf2 34. Rxf8+ Rxf8 35. Be6 Re8 36. Bxh3 Rxe5 37. Rxe5 b6 38. Rb5 g5 39. Rxb6 Kg7 40. Ra6 h5 41. Rxa5 g4 42. Rxh5 Kg6 43. Rh4 Kf6 44. Rxg4 Ke7 45. Rf4 Kd6 46. Kf2 Kc7 47. Ke3 Kb6 48. g4 Ka7 49. g5 Ka6 50. g6 Kb6 51. g7 Kc7 52. g8Q Kd6 53. Qg6+ Kc7 54. Rf7+ Kb8 55. Qg8# 1-0

[Event "Paris-ch IdF"]
[Site "Paris"]
[Date "2023.07.13"]
[Round "3"]
[White "Harshavardhan, GB."]
[Black "Di Nicolantonio, Lucas"]
[Result "1-0"]
[WhiteElo "2405"]
[BlackElo "2374"]
[PlyCount "147"]
[EventDate "2023.07.11"]
[EventType "swiss"]
[EventRounds "9"]
[EventCountry "FRA"]
[SourceTitle "CBM 215 Extra"]
[Source "ChessBase"]
[SourceDate "2023.09.30"]
[SourceVersion "1"]
[SourceVersionDate "2023.09.30"]
[SourceQuality "1"]

1. d4 d5 2. c4 e6 3. Nc3 c6 4. Nf3 Nf6 5. Bg5 h6 6. Bh4 dxc4 7. e4 g5 8. Bg3 b5 9. Be2 Bg7 10. e5 Nh5 11. a4 a6 12. axb5 cxb5 13. Nxb5 axb5 14. Rxa8 Bb7 15. Ra1 0-0 16. 0-0 Nxg3 17. hxg3 g4 18. Nh4 Nc6 19. Bxg4 Nxd4 20. f4 Qb6 21. Rf2 Rd8 22. Qf1 Nc2 23. Rd1 Bd5 24. Qe2 Ne3 25. Re1 Nxg4 26. Qxg4 Qd4 27. Rd1 Qe3 28. f5 Qg5 29. Qxg5 hxg5 30. Nf3 Bf8 31. Nxg5 Be7 32. Rf4 exf5 33. Rxf5 b4 34. Rdf1 c3 35. bxc3 bxc3 36. Nxf7 Bc5+ 37. Kh2 Bxf7 38. Rxf7 c2 39. Rc7 Rd1 40. Rxc5 Rxf1 41. Rxc2 Re1 42. Rc5 Kf7 43. Kh3 Kg6 44. Kh4 Re4+ 45. g4 Re2 46. Ra5 Re1 47. Ra6+ Kg7 48. Re6 Kf7 49. Rf6+ Kg7 50. Rf5 Kg6 51. Kg3 Re4 52. Kf3 Re1 53. Kf4 Re2 54. Rf6+ Kg7 55. Ra6 Rxg2 56. Kg5 Kf7 57. Rf6+ Kg7 58. Rf1 Re2 59. Kf5 Kf7 60. Rf3 Re1 61. Rf2 Re3 62. Ra2 Rf3+ 63. Kg5 Rg3 64. Rf2+ Kg7 65. e6 Re3 66. Rf7+ Kg8 67. Kf6 Rf3+ 68. Ke7 Ra3 69. Rf4 Ra7+ 70. Kf6 Kf8 71. g5 Rb7 72. Kg6+ Kg8 73. Rd4 Kf8 74. Rd8+ 1-0

[Event "Titled Tuesday intern op 16th May Early"]
[Site "Chess.com INT"]
[Date "2023.05.16"]
[Round "1"]
[White "Bazilius, Augustinas"]
[Black "Di Nicolantonio, Lucas"]
[Result "1-0"]
[WhiteElo "2050"]
[BlackElo "2376"]
[PlyCount "52"]
[EventDate "2023.05.16"]
[EventType "swiss (blitz)"]
[EventRounds "11"]
[EventCountry "USA"]
[SourceTitle "CBM 214 Extra"]
[Source "ChessBase"]
[SourceDate "2023.07.31"]
[SourceVersion "1"]
[SourceVersionDate "2023.07.31"]
[SourceQuality "1"]

1. d4 g6 2. c4 Bg7 3. Nf3 d6 4. g3 f5 5. Bg2 Nf6 6. 0-0 0-0 7. Nc3 Nc6 8. b3 e5 9. dxe5 dxe5 10. Qxd8 Rxd8 11. e4 Nd4 12. Nxd4 exd4 13. Nb5 fxe4 14. Nxc7 Rb8 15. Bg5 Bf5 16. Rae1 d3 17. f3 Rd7 18. fxe4 Nxe4 19. Bxe4 Bd4+ 20. Kg2 Rxc7 21. Bxf5 gxf5 22. Rxf5 Rf8 23. Rxf8+ Kxf8 24. Rd1 Rf7 25. Bf4 Re7 26. Bd6 Bf6 1-0

[Event "Titled Tuesday intern op 16th May Early"]
[Site "Chess.com INT"]
[Date "2023.05.16"]
[Round "2"]
[White "Di Nicolantonio, Lucas"]
[Black "Sargissyan, Sargis"]
[Result "0-1"]
[WhiteElo "2376"]
[BlackElo "2234"]
[PlyCount "79"]
[EventDate "2023.05.16"]
[EventType "swiss (blitz)"]
[EventRounds "11"]
[EventCountry "USA"]
[SourceTitle "CBM 214 Extra"]
[Source "ChessBase"]
[SourceDate "2023.07.31"]
[SourceVersion "1"]
[SourceVersionDate "2023.07.31"]
[SourceQuality "1"]

1. Nf3 Nf6 2. c4 g6 3. Nc3 Bg7 4. g3 0-0 5. Bg2 d6 6. 0-0 e5 7. d3 Nc6 8. Rb1 a5 9. a3 h6 10. b4 axb4 11. axb4 Be6 12. b5 Ne7 13. Nd2 Rb8 14. Ba3 Qd7 15. b6 c6 16. Nde4 Nxe4 17. Nxe4 Nc8 18. Re1 f5 19. Nd2 h5 20. Nf3 Bh6 21. Bc1 Bxc1 22. Qxc1 f4 23. c5 Bd5 24. cxd6 Bxf3 25. exf3 Qxd6 26. Qc4+ Kg7 27. Qe4 Ne7 28. Qxe5+ Qxe5 29. Rxe5 Nd5 30. Bh3 Rfe8 31. Rbe1 Rxe5 32. Rxe5 fxg3 33. hxg3 Nxb6 34. Re7+ Kf6 35. Rh7 Nd5 36. f4 b5 37. f5 b4 38. Ra7 b3 39. Ra1 b2 40. Re1 0-1

[Event "Titled Tuesday intern op 09th May Early"]
[Site "Chess.com INT"]
[Date "2023.05.09"]
[Round "1"]
[White "Micic, Aleksa"]
[Black "Di Nicolantonio, Lucas"]
[Result "0-1"]
[WhiteElo "2235"]
[BlackElo "2376"]
[PlyCount "46"]
[EventDate "2023.05.09"]
[EventType "swiss (blitz)"]
[EventRounds "11"]
[EventCountry "USA"]
[SourceTitle "CBM 214 Extra"]
[Source "ChessBase"]
[SourceDate "2023.07.31"]
[SourceVersion "1"]
[SourceVersionDate "2023.07.31"]
[SourceQuality "1"]

1. d4 Nf6 2. Nf3 e6 3. g3 d5 4. Bg2 Be7 5. 0-0 0-0 6. c4 c6 7. cxd5 cxd5 8. Nc3 b6 9. Ne5 Bb7 10. b3 Nbd7 11. Bb2 Nxe5 12. dxe5 Nd7 13. e4 d4 14. Qxd4 Bc5 15. Qa4 Nxe5 16. Rad1 Qe7 17. Nb5 Ng4 18. h3 a6 19. hxg4 axb5 20. Qxb5 Ba6 21. Qd7 Qxd7 22. Rxd7 Bxf1 23. Bxf1 Rxa2 0-1

[Event "Titled Tuesday intern op 02nd May Early"]
[Site "Chess.com INT"]
[Date "2023.05.02"]
[Round "2"]
[White "Di Nicolantonio, Lucas"]
[Black "Blanco Diez, David"]
[Result "1-0"]
[WhiteElo "2376"]
[BlackElo "2323"]
[PlyCount "39"]
[EventDate "2023.05.02"]
[EventType "swiss (blitz)"]
[EventRounds "11"]
[EventCountry "USA"]
[SourceTitle "EXT 2024"]
[Source "ChessBase"]
[SourceDate "2023.10.10"]
[SourceVersion "1"]
[SourceVersionDate "2023.10.10"]
[SourceQuality "1"]

1. Nf3 g6 2. e4 Bg7 3. d4 d6 4. Be3 a6 5. c4 c5 6. Nc3 Bg4 7. Be2 Bxf3 8. Bxf3 Nc6 9. dxc5 Qa5 10. cxd6 Bxc3+ 11. bxc3 Qxc3+ 12. Bd2 Qxc4 13. d7+ Kxd7 14. Bc3+ Ke8 15. Bxh8 Rd8 16. Qb3 Qxb3 17. axb3 f6 18. h4 Kf7 19. h5 g5 20. h6 1-0

[Event "Titled Tuesday intern op 04th Apr Late"]
[Site "Chess.com INT"]
[Date "2023.04.04"]
[Round "1"]
[White "Di Nicolantonio, Lucas"]
[Black "Novikova, Galina"]
[Result "1-0"]
[WhiteElo "2376"]
[BlackElo "2073"]
[PlyCount "31"]
[EventDate "2023.04.04"]
[EventType "swiss (blitz)"]
[EventRounds "11"]
[EventCountry "USA"]
[SourceTitle "EXT 2024"]
[Source "ChessBase"]
[SourceDate "2023.10.10"]
[SourceVersion "1"]
[SourceVersionDate "2023.10.10"]
[SourceQuality "1"]

1. Nf3 e6 2. c4 f5 3. g3 Nf6 4. Bg2 Be7 5. Nc3 d6 6. 0-0 e5 7. d3 0-0 8. Rb1 Qe8 9. b4 Qh5 10. b5 f4 11. c5 Bh3 12. cxd6 cxd6 13. Qb3+ Kh8 14. Bxh3 Qxh3 15. Ng5 Ng4 16. Nxh3 1-0

[Event "Titled Tuesday intern op 14th Mar Late"]
[Site "Chess.com INT"]
[Date "2023.03.14"]
[Round "1"]
[White "Di Nicolantonio, Lucas"]
[Black "Biriukov, Ilja"]
[Result "0-1"]
[WhiteElo "2376"]
[BlackElo "2311"]
[PlyCount "83"]
[EventDate "2023.03.14"]
[EventType "swiss (blitz)"]
[EventRounds "11"]
[EventCountry "USA"]
[SourceTitle "EXT 2024"]
[Source "ChessBase"]
[SourceDate "2023.10.10"]
[SourceVersion "1"]
[SourceVersionDate "2023.10.10"]
[SourceQuality "1"]

1. Nf3 Nf6 2. c4 g6 3. Nc3 Bg7 4. g3 b6 5. Bg2 Bb7 6. 0-0 c5 7. d4 cxd4 8. Qxd4 0-0 9. Rd1 d6 10. Qh4 Nbd7 11. Bh6 Qc8 12. b3 a6 13. Rac1 Qc7 14. Nd5 Nxd5 15. cxd5 Qd8 16. Ng5 Nf6 17. e4 Rc8 18. Bh3 Rxc1 19. Rxc1 b5 20. Be6 Qa5 21. e5 dxe5 22. b4 Qb6 23. Nxf7 Rxf7 24. Be3 Qd8 25. Qg5 Nxd5 26. Rd1 Bf6 27. Qg4 Kg7 28. Bxf7 Kxf7 29. Bc5 e6 30. h4 h5 31. Qe2 Nc3 32. Rxd8 Nxe2+ 33. Kf1 Bxd8 34. Kxe2 Be7 35. Bb6 Bxb4 36. Bc7 a5 37. Bxe5 a4 38. Bb2 Be7 39. f4 Bd5 40. Kd3 b4 41. a3 bxa3 42. Ba1 0-1

[Event "Titled Tuesday intern op 14th Mar Late"]
[Site "Chess.com INT"]
[Date "2023.03.14"]
[Round "3"]
[White "Di Nicolantonio, Lucas"]
[Black "Marin, Sebastian"]
[Result "1-0"]
[WhiteElo "2376"]
[BlackElo "2269"]
[PlyCount "119"]
[EventDate "2023.03.14"]
[EventType "swiss (blitz)"]
[EventRounds "11"]
[EventCountry "USA"]
[SourceTitle "EXT 2024"]
[Source "ChessBase"]
[SourceDate "2023.10.10"]
[SourceVersion "1"]
[SourceVersionDate "2023.10.10"]
[SourceQuality "1"]

1. Nf3 Nf6 2. c4 e6 3. Nc3 d5 4. e3 Be7 5. b3 0-0 6. Bb2 b6 7. cxd5 Nxd5 8. Qc2 Bb7 9. h4 Nb4 10. Qb1 Ba6 11. Ng5 Bd3 12. Bxd3 Qxd3 13. a3 Qxb1+ 14. Rxb1 Nd3+ 15. Ke2 Nxb2 16. Rxb2 Bxa3 17. Rc2 Bd6 18. Nb5 Na6 19. Ra1 Nb4 20. Rc4 Nd5 21. Ne4 a6 22. Nbxd6 cxd6 23. Nxd6 Rfd8 24. Rc6 Kf8 25. Nc4 b5 26. Nb6 Nb4 27. Nxa8 Nxc6 28. Rxa6 Nb4 29. Ra7 Nd3 30. Nb6 Nc1+ 31. Kf3 Nxb3 32. d4 Nd2+ 33. Ke2 Ne4 34. Nd7+ Ke8 35. Ne5 f6 36. Nc6 Rd7 37. Ra8+ Kf7 38. Rb8 Rc7 39. Nb4 Rc4 40. Rxb5 Nc3+ 41. Kd3 Nxb5 42. Kxc4 Nd6+ 43. Kd3 Nf5 44. g3 g5 45. hxg5 fxg5 46. e4 Ne7 47. Kc4 h5 48. Nd3 h4 49. Ne5+ Kf6 50. Ng4+ Kg6 51. Kc5 h3 52. Kd6 Kh5 53. f3 Ng8 54. Kxe6 Nh6 55. Nh2 g4 56. f4 Ng8 57. d5 Kg6 58. d6 Nf6 59. d7 Nxe4 60. d8Q 1-0

[Event "Titled Tuesday intern op 7th Mar Early"]
[Site "Chess.com INT"]
[Date "2023.03.07"]
[Round "5"]
[White "Di Nicolantonio, Lucas"]
[Black "Movahed, Sina"]
[Result "1/2-1/2"]
[WhiteElo "2376"]
[BlackElo "2340"]
[PlyCount "127"]
[EventDate "2023.03.07"]
[EventType "swiss (blitz)"]
[EventRounds "11"]
[EventCountry "USA"]
[SourceTitle "EXT 2024"]
[Source "ChessBase"]
[SourceDate "2023.10.10"]
[SourceVersion "1"]
[SourceVersionDate "2023.10.10"]
[SourceQuality "1"]

1. Nf3 Nf6 2. c4 g6 3. Nc3 Bg7 4. g3 0-0 5. Bg2 d6 6. 0-0 e5 7. d3 Re8 8. b4 e4 9. dxe4 Nxe4 10. Nxe4 Rxe4 11. Rb1 Rxc4 12. Bg5 Qe8 13. Nd2 Rd4 14. Be3 Nc6 15. b5 Ne7 16. Bxd4 Bxd4 17. Ne4 Bg7 18. Qc1 Qd8 19. Rd1 h6 20. Nc5 Rb8 21. Qa3 Bf5 22. e4 Bg4 23. f3 Bd7 24. Nxd7 Qxd7 25. Qxa7 Qd8 26. f4 Kh7 27. e5 Qf8 28. b6 cxb6 29. Rxd6 Nf5 30. Rd7 Ne3 31. Rxf7 Qxf7 32. Qxb8 Nxg2 33. Kxg2 Qxa2+ 34. Kh3 Qxb1 35. Qxb7 b5 36. e6 Qf5+ 37. Kg2 Qxe6 38. Qxb5 Qe4+ 39. Kh3 h5 40. Qd7 Qf5+ 41. Qxf5 gxf5 42. Kg2 Bd4 43. Kf3 Kg6 44. h3 Bb6 45. g4 fxg4+ 46. hxg4 h4 47. Kg2 Bc5 48. Kh3 Bf2 49. Kg2 Bg3 50. Kh3 Kf6 51. g5+ Kf5 52. g6 Kxg6 53. Kg2 Kf5 54. Kh1 Bf2 55. Kg2 Bd4 56. Kh1 Bf6 57. Kg2 Bd8 58. Kh1 Bc7 59. Kg2 Bxf4 60. Kh1 Kg4 61. Kg2 h3+ 62. Kh1 h2 63. Kg2 h1Q+ 64. Kxh1 1/2-1/2